000 00532nam a2200157 i 4500
001 26285
003 ES-MaACL
005 20230906153421.0
007 t|
008 030108s1979 sp ||||1| spa d
100 1 _aArteta, Aurelio.
_923456
245 1 0 _aA. Arteta en la sala de exposiciones del Banco de Bilbao y en el Museo de Bellas Artes de Bilbao
_b: diciembre 1979 /
_cAurelio Arteta.
260 _aBilbao :
_bBanco de Bilbao,
_c[1979]
300 _a142 p., 28 lám. :
_bil. ;
_c26 cm.
852 _aES-MaACL
_jL-1338
_bR.101713
999 _c26285
_d26285